Výkladový slovník poisťovníctva
Na minha lista:
| Autor principal: | |
|---|---|
| Outros Autores: | |
| Formato: | Livro |
| Idioma: | eslovaco |
| Publicado em: |
Bratislava
SPN
1992
|
| Edição: | 1. vyd. |
| Assuntos: | |
| Tags: |
Sem tags, seja o primeiro a adicionar uma tag!
|
MARC
| LEADER | 00000nam a2200000 4500 | ||
|---|---|---|---|
| 001 | c001904 | ||
| 005 | 20221214091950.1 | ||
| 020 | |a 80-08-01818-6 | ||
| 041 | 0 | |a slo | |
| 044 | |a SK | ||
| 245 | 1 | 0 | |a Výkladový slovník poisťovníctva |c Pavel Chovan, Viktória Čejková |
| 250 | |a 1. vyd. | ||
| 264 | 1 | |a Bratislava |b SPN |c 1992 | |
| 300 | |a 93 s. | ||
| 610 | 2 | 0 | |a poisťovníctvo |
| 610 | 2 | 0 | |a terminológia |
| 610 | 2 | 0 | |a pojmy |
| 100 | 1 | |a Chovan, Pavel | |
| 700 | 1 | |a Čejková, Viktória | |